000
00265nam a22001097a 4500
008
160519b xxu||||| |||| 00| 0 eng d
020
_a
0721682596
041
_a
eng
080
_a
616
245
_a
Review of pathology:
_c
Edward C. Klatt; Vinay Kumar;
942
_2
udc
_c
BK
999
_c
2230
_d
2230